| 000 | 00718nam a2200217 4500 | ||
|---|---|---|---|
| 001 | 173036 | ||
| 003 | ES-MaACL | ||
| 005 | 20250824080129.0 | ||
| 008 | 091015s19671968sp r |||| | spa d | ||
| 017 | _aCA 528-1967 | ||
| 080 | _a821.134.2-23"19" | ||
| 100 | 1 |
_aBuero Vallejo, Antonio, _d1916-2000 _932421 |
|
| 245 | 1 | 0 |
_aMito _b: (Libro para una ópera) / _coriginal de Antonio Buero Vallejo. |
| 260 |
_aMadrid : _bEscelicer, _c[1967] |
||
| 300 |
_a114 p. ; _c15 cm. |
||
| 490 | 1 |
_aTeatro ; _v575. _a(extra |
|
| 830 | 0 | 0 |
_aTeatro (extra) (Escelicer) _a _v575. _9223475 |
| 852 | 4 |
_aES-MaACL _jE-13049 _9R.140264 . - _zBiblioteca Jacinto Martínez Lacalle |
|
| 942 | _2udc | ||
| 999 |
_c173036 _d173036 |
||